• 首页
  • 本馆介绍
  • 公告通知
  • 最新文献
  • 馆藏检索
  • 电子资源
  • 读者导购
  • 参考咨询
  • 我的图书馆
  • 登录
  • 详细信息显示
  • 放入我的书架
  • 预约/预借图书
  • 作者相关作品
  • 分类相关作品
  • 丛书相关作品
  • 出版社相关作品

书目信息

  • 表格格式
  • 工作单格式
  • 卡片格式
题名:
游泳场馆溺死风险管理研究
    
 
作者: 寇健忠 著
分册:  
出版信息: 北京   北京体育大学出版社  2017
页数: 282页
开本: 23cm
丛书名:
单 册:
中图分类: G818.2
科图分类:
主题词: 游泳馆--淹溺--死亡--风险管理--研究
电子资源:
ISBN: 978-7-5644-2708-5
000 00954nam0 2200229 450
001 3900
005 20180527203649.74
010    @a978-7-5644-2708-5@dCNY64.00
100    @a20180412d2017 em y0chiy50 ea
101 0  @achi
102    @aCN@b110000
105    @aa z 000yy
200 1  @a游泳场馆溺死风险管理研究@9you yong chang guan ni si feng xian guan li yan jiu@f寇健忠著
210    @a北京@c北京体育大学出版社@d2017
215    @a282页@c图@d23cm
300    @a福建省教育厅B类社科:风险管理视角下游泳馆溺死问题研究——以福建省为例
330    @a本书总九章。分别为绪论,游泳场馆溺死风险管理基础理论研究,游泳场馆溺死风险识别,游泳场馆溺死风险评估指标体系的构建,游泳场馆溺死风险评估,游泳场馆溺死风险应对,游泳场馆溺死风险管理的检查与评价,游泳场馆溺死风险管理策略和研究结论与不足。
606 0  @a游泳馆@x淹溺@x死亡@x风险管理@x研究
690    @aG818.2@v5
701  0 @a寇健忠@9kou jian zhong@4著
801  0 @aCN@b91MARC@c20180412
905    @aMuseLib@dG818.2@e28
    
    游泳场馆溺死风险管理研究/寇健忠著.-北京:北京体育大学出版社,2017
    282页:图;23cm
    福建省教育厅B类社科:风险管理视角下游泳馆溺死问题研究——以福建省为例
    
    ISBN 978-7-5644-2708-5:CNY64.00
    本书总九章。分别为绪论,游泳场馆溺死风险管理基础理论研究,游泳场馆溺死风险识别,游泳场馆溺死风险评估指标体系的构建,游泳场馆溺死风险评估,游泳场馆溺死风险应对,游泳场馆溺死风险管理的检查与评价,游泳场馆溺死风险管理策略和研究结论与不足。
●
相关链接 在E读中查询图书 在五车中查询图书 在当当中查询图书 在豆瓣中查询图书


正题名:游泳场馆溺死风险管理研究     索取号:G818.2/28         预约/预借

序号 登录号 条形码 馆藏地/架位号 状态 备注
1 1111082   211110821   第一样本阅览室/ [索取号:G818.2/28] 在馆    
2 1111083   211110830   教育系资料室/ [索取号:G818.2/28] 在馆    
3 1111084   211110849   教育系资料室/ [索取号:G818.2/28] 在馆    
4 1111085   211110858   第四借阅区/ [索取号:G818.2/28] 在馆    
唐山师范学院图书馆 欢迎您!
大连网信软件有限公司© 版权所有